000 00312nam a22001337a 4500
008 170926b xxu||||| |||| 00| 0 eng d
020 _a9780312566746
041 _aeng
080 _28 ED
_a37
100 _a46
101 _aEDU
245 _aDEVELOPMENT THE BEDFORD HANDBOOK
_cGOOR.W.V
942 _2udc
_cBK
999 _c30091
_d30091